00642cam a22002051 4500001000800000005001700008008004100025020001500066040003000081082001900111100001900130245008700149260004100236300001800277650001100295650002000306942000600326952009100332999001300423894287620240202042747.0790421s1966 enk b 000 0 eng  a0415066085 aDLCcICIUdOCoLCdUkdDLC a306.222bMAR.1 aDouglas, Mary,10aPurity and danger:ban analysis of concepts of pollution and tabooc Mary Douglas. aLondon,bRoutledge & K. Paul,c1966. aviii, 193 p.: 0aTaboo. 0aPurity, Ritual. cL 001040708LaWERCLbWERCLd2024-02-02l0o306. MAR.p2534r2024-02-02w2024-02-02yL c279d279